| 000 | 01620cam a2200361 i 4500 | ||
|---|---|---|---|
| 001 | 18702645 | ||
| 003 | ARRUPE | ||
| 005 | 20160420152613.0 | ||
| 008 | 150716s2015 dcu b 001 0 eng | ||
| 010 | _a 2015026643 | ||
| 020 | _a9781621574538 (paperback) | ||
| 040 |
_aDLC _beng _cDLC _erda _dDLC |
||
| 042 | _apcc | ||
| 043 |
_aa-iq--- _aaw----- |
||
| 050 | 0 | 0 |
_aHV6433.I722 _bS64 2015 |
| 082 | 0 | 0 |
_a363.32509567 _223 |
| 084 |
_aREL037010 _aPOL037000 _aSOC048000 _2bisacsh |
||
| 100 | 1 |
_aSpencer, Robert, _d1962- _923978 |
|
| 245 | 1 | 4 |
_aThe complete infidel's guide to ISIS / _cRobert Spencer, New York Times Bestselling Author. |
| 260 |
_aNew Jersey _bRegnery Publishing _c2015 |
||
| 300 |
_axxvi, 357 pages ; _c23 cm |
||
| 504 | _aIncludes bibliographical references and index. | ||
| 520 | _a"ISIS is on a campaign to destroy the Western world of "infidels." Who is ISIS? What do its leaders believe? And why exactly do they hate us? New York Times bestselling author Robert Spencer, author of The Complete Infidel's Guide to the Koran, takes on the Islamic State in The Complete Infidel's Guide to ISIS"-- | ||
| 610 | 2 | 0 |
_aIS (Organization) _923979 |
| 650 | 0 |
_aTerrorism _xReligious aspects _xIslam. _923980 |
|
| 650 | 0 |
_aReligious fundamentalism. _923981 |
|
| 650 | 0 |
_aJihad. _923982 |
|
| 650 | 0 |
_aTerrorism _zIraq. _923983 |
|
| 650 | 0 |
_aTerrorism _zMiddle East. _923984 |
|
| 906 |
_a7 _bcbc _corignew _d1 _eecip _f20 _gy-gencatlg |
||
| 942 |
_2lcc _cMONOGRAPH |
||
| 999 |
_c124665 _d124665 |
||